Gaming Quiz

Random Gaming or Star Wars Quiz

Fake Toys II Quiz Stats

 Plays Quiz Updated Jul 5, 2016

Score 0/16 Timer 04:00
15 Plays Today
% Correct
Buzz Lightyear
99.4%
E.T. and C-3PO
97.2%
Goofy
96.5%
Titanic and Transformers
96.4%
Pikachu
95.8%
The Incredible Hulk
95.1%
PlayStation
95%
Monopoly
94.8%
% Correct
Spider-Man
94.3%
Superman
94.3%
Yoshi and Mario
93.7%
Anna and Elsa
93.5%
Michelangelo
92.9%
Barney the Dinosaur
90.6%
Teletubbies
90.6%
Justice League
90.3%

You're not logged in!

Compare scores with friends on all Sporcle quizzes.
OR
Log In

Show Comments

Extras

Top Quizzes Today


Score Distribution

Your Account Isn't Verified!

In order to create a playlist on Sporcle, you need to verify the email address you used during registration. Go to your Sporcle Settings to finish the process.

Report this User

Report this user for behavior that violates our Community Guidelines.

Details: